|
|
|
|
| LEADER |
00901nam a22002772a 4500 |
| 001 |
000280041 |
| 003 |
CZ BrMZK |
| 005 |
20071010131328.0 |
| 007 |
ta |
| 008 |
980105s1985 xr e cze d |
| 015 |
|
|
|a cnb000029669
|z cnb000823114
|
| 035 |
|
|
|a (OCoLC)39596603
|
| 040 |
|
|
|a BOA001
|b cze
|
| 041 |
1 |
|
|a cze
|h eng
|
| 100 |
1 |
|
|a Bond, Edward,
|d 1934-2024
|7 jn19990000922
|4 aut
|
| 245 |
1 |
0 |
|a Úzká cesta na daleký sever /
|c Edward Bond ; z angl. orig. přel. Alena Fišerová-Beránková
|
| 250 |
|
|
|a 1. nákl.
|
| 260 |
|
|
|a Praha :
|b Divadelní a literární agentura,
|c 1985
|
| 300 |
|
|
|a 70 s.
|
| 500 |
|
|
|a Rozmnoženo
|
| 700 |
1 |
|
|a Fišerová-Beránková, Alena
|4 trl
|
| 765 |
0 |
|
|t Narrow road to the deep north
|9 Česky
|
| 910 |
|
|
|a BOA001
|b 4-0896.712
|
| 990 |
|
|
|a BK
|
| 991 |
|
|
|b 200710
|
| 996 |
7 |
|
|b 2619879958
|c 4-0896.712
|l MZK
|r Sklad / do 1 hodiny
|n 11
|w 000280041
|u 000010
|a 1
|e BOA001
|j MZK50
|s A
|